| 000 | 00379nam a2200133Ia 4500 | ||
|---|---|---|---|
| 005 | 20260328104329.0 | ||
| 008 | 260328s9999||||xx |||||||||||||| ||und|| | ||
| 100 | _aLane, Mark | ||
| 245 | 0 |
_aRoyal Gardens of the World : _b 21 Celebrated Gardens from the Alhambra to Highgrove and Beyond / _cMark Lane |
|
| 260 | _bKyle books | ||
| 300 | _a240 p. | ||
| 650 | _aCHINA | ||
| 942 | _cBK | ||
| 999 |
_c11631 _d11631 |
||